Name the lyrics to Bats! in order - Statistics

General Stats
  • This quiz has been taken 5 times
  • The average score is 42 of 298
Answer Stats
Answer % Correct
A
100%
And
100%
Apples
100%
Bats
100%
Both
100%
Day
100%
Eating
100%
Fright
100%
Give
100%
Night
100%
They
100%
Those
100%
Vampire
100%
Will
100%
You
100%
A
50%
A
50%
About
50%
About
50%
An
50%
And
50%
Another
50%
Apple
50%
Apple
50%
Bats
50%
Be
50%
Bringing
50%
Care
50%
Cept
50%
Defend
50%
Destruction
50%
Did
50%
Don’t
50%
Eatin
50%
Every
50%
For
50%
I
50%
I
50%
If
50%
In
50%
Just
50%
Maybe
50%
Minute
50%
Minute
50%
Nada
50%
No
50%
Not
50%
Not
50%
Nothing
50%
Now
50%
Orchards
50%
Remiss
50%
Rest
50%
Side
50%
Them
50%
Then
50%
Then
50%
There’s
50%
These
50%
They
50%
They’re
50%
This
50%
Three
50%
To
50%
Tree
50%
Wait
50%
Would
50%
Your
50%
Zilch
50%
A
0%
A
0%
A
0%
A
0%
A
0%
Act
0%
And
0%
And
0%
And
0%
And
0%
And
0%
And
0%
And
0%
And
0%
And
0%
Are
0%
As
0%
At
0%
Attack
0%
Back
0%
Back
0%
Back
0%
Bats
0%
Bats
0%
Bats
0%
Bats
0%
Bats
0%
Bats
0%
Bats
0%
Bats
0%
Be
0%
Being
0%
Better
0%
Big
0%
Both
0%
Break
0%
But
0%
Care
0%
Come
0%
Come
0%
Come
0%
Comes
0%
Comes
0%
Comin’
0%
Creatures
0%
Crossed
0%
Crossed
0%
Disagree
0%
Disaster
0%
Do
0%
Do
0%
Don’t
0%
Don’t
0%
Don’t
0%
Doubt
0%
Down
0%
Down
0%
Ever
0%
Fact
0%
Fact
0%
Fact
0%
Family
0%
Far
0%
Faster
0%
Fight
0%
For
0%
For
0%
Give
0%
Go
0%
Go
0%
Go
0%
Go
0%
Got
0%
Got
0%
Grow
0%
Have
0%
Have
0%
Have
0%
Have
0%
Help
0%
Hide
0%
Hit
0%
How
0%
I
0%
I
0%
I
0%
In
0%
Is
0%
Is
0%
It
0%
It
0%
It’s
0%
It’s
0%
Just
0%
Just
0%
Just
0%
Just
0%
Kind
0%
Know
0%
Life
0%
Like
0%
Line
0%
Line
0%
Look
0%
Loyal
0%
Make
0%
Make
0%
Make
0%
Mamas
0%
May
0%
Me
0%
Mean
0%
Mind
0%
Must
0%
My
0%
My
0%
No
0%
Not
0%
Not
0%
Not
0%
Not
0%
Oh
0%
One
0%
One
0%
One
0%
One
0%
One
0%
Orchard
0%
Others
0%
Out
0%
Out
0%
Papas
0%
Ponies
0%
Restaurant
0%
Right
0%
Road
0%
Run
0%
Second
0%
See
0%
Seeds
0%
Simple
0%
Simple
0%
Simply
0%
Sin
0%
Spreading
0%
Stamped
0%
State
0%
Stop
0%
Stop
0%
Stop
0%
Stop
0%
Stop
0%
Stop
0%
Stronger
0%
That
0%
That
0%
That
0%
That’s
0%
The
0%
The
0%
The
0%
The
0%
The
0%
The
0%
The
0%
The
0%
The
0%
The
0%
The
0%
Their
0%
Their
0%
Their
0%
Them
0%
Them
0%
Them
0%
Them
0%
These
0%
These
0%
These
0%
These
0%
They
0%
They
0%
They
0%
They
0%
They
0%
They’ll
0%
They’re
0%
They’re
0%
They’ve
0%
They’ve
0%
They’ve
0%
They’ve
0%
They’ve
0%
Think
0%
Time
0%
Time
0%
To
0%
To
0%
To
0%
To
0%
To
0%
To
0%
To
0%
To
0%
To
0%
Too
0%
Too
0%
Total
0%
Track
0%
Trees
0%
Trees
0%
Turned
0%
Ugly
0%
Vermin
0%
Want
0%
We
0%
We
0%
Well
0%
What
0%
Where
0%
Wide
0%
Will
0%
Ya
0%
Yes
0%
You
0%
You’d
0%
Young
0%
Your
0%
You’re
0%
No matching quizzes found
Score Distribution
Percent of People with Each Score
Percentile by Number Answered
Your Score History
You have not taken this quiz